| 000 | 00985cam a22002651a 4500 | ||
|---|---|---|---|
| 001 | 9691085 | ||
| 005 | 20041208122121.0 | ||
| 008 | 840213s1932 enk 000 1 eng | ||
| 010 | _a32021693 | ||
| 020 | _a978000 | ||
| 035 | _a(OCoLC)10406782 | ||
| 040 |
_aDLC _cInU _dInU _dDLC |
||
| 050 | 0 | 0 |
_aPZ3.C4637 _bTh _aPR6005.H66 |
| 082 | 0 | 0 |
_a823.912 _221 _bCHR |
| 100 | 1 |
_aChristie, Agatha, _d1890-1976. _95534 |
|
| 245 | 1 | 4 |
_aThe thirteen problems / _cAgatha Christie. |
| 260 |
_aLondon : _bPublished for the Crime Club Ltd. by W. Collins Sons & Co., _cc1932. |
||
| 300 |
_a315p. ; _c19 cm. |
||
| 500 | _aPublisher's ads [6] p. at end. | ||
| 510 | 4 |
_aHubin, Crime fiction, _cp. 82. |
|
| 655 | 7 |
_aDetective and mystery stories. _2gsafd _95535 |
|
| 942 |
_2ddc _cBB |
||
| 999 |
_c11051 _d11051 |
||